[Event "4NCL Division 4 South"]
[Site "Reading, ENG"]
[Date "2017.11.12"]
[Round "2.103"]
[White "Vallis, Nicholas J"]
[Black "Maladkar, Lavanya"]
[Result "0-1"]
[WhiteElo "1735"]
[BlackElo "1534"]
[PlyCount "108"]
[EventDate "2017.11.12"]
[WhiteTeam "Camberley Juniors"]
[BlackTeam "K Kings 2"]

1. c4 Nf6 2. Nc3 g6 3. g3 Bg7 4. Bg2 e6 5. d3 d5 6. Bg5 c6 7. Nf3 h6 8. Bd2 d4
9. Na4 Na6 10. b4 b5 11. Nb2 bxc4 12. Nxc4 Nd5 13. a3 O-O 14. O-O c5 15. b5
Nac7 16. a4 Rb8 17. Nfe5 Bd7 18. Qc1 Kh7 19. Ba5 Qe7 20. Bxc7 Nxc7 21. Rb1 Nd5
22. Bxd5 exd5 23. Nxd7 Qxd7 24. Na5 Rfc8 25. Nc6 Rb7 26. Qxc5 Rbc7 27. Qb4 Qg4
28. Qd2 a6 29. Rfe1 h5 30. Qa2 Qf5 31. Qa3 Qe6 32. Qb4 Qg4 33. Qa5 axb5 34.
axb5 Qd7 35. Qa4 Qg4 36. Kg2 h4 37. f3 Qg5 38. Nxd4 hxg3 39. hxg3 Be5 40. Rh1+
Kg7 41. Rh3 Qe3 42. Nc6 Qxe2+ 43. Kg1 Bf6 44. Qd1 Qe3+ 45. Kf1 Bd4 46. Nxd4
Qxd4 47. Rh2 Qe3 48. Kg2 Rc2+ 49. Kh1 Rc1 50. b6 Rxd1+ 51. Rxd1 Qxf3+ 52. Rg2
Qxd1+ 53. Rg1 Qf3+ 54. Kh2 Rh8# 0-1

[Event "4NCL Division 4 South"]
[Site "Reading, ENG"]
[Date "2017.11.12"]
[Round "2.104"]
[White "Maladkar, Ritika"]
[Black "Thornley, Oliver"]
[Result "1/2-1/2"]
[WhiteElo "1585"]
[BlackElo "1652"]
[PlyCount "46"]
[EventDate "2017.11.12"]
[WhiteTeam "K Kings 2"]
[BlackTeam "Camberley Juniors"]

1. e4 c6 2. d4 d5 3. exd5 cxd5 4. Bd3 Nf6 5. Bf4 Bg4 6. Nf3 Nc6 7. c3 e6 8.
Nbd2 Bd6 9. Bxd6 Qxd6 10. Qc2 O-O 11. O-O Ne7 12. Ne5 Bf5 13. Ndf3 Rac8 14. Qd2
Bxd3 15. Nxd3 Nc6 16. Nfe5 Ne4 17. Qe3 Nxe5 18. Nxe5 Rc7 19. f3 Nf6 20. Rac1
Rfc8 21. Rf2 b5 22. a3 Nd7 23. Nd3 Nb6 1/2-1/2

[Event "4NCL Division 4 South"]
[Site "Reading, ENG"]
[Date "2017.11.12"]
[Round "2.105"]
[White "Wilson, Andrew C"]
[Black "Johnson, Elizabeth"]
[Result "1/2-1/2"]
[WhiteElo "1487"]
[BlackElo "1383"]
[PlyCount "61"]
[EventDate "2017.11.12"]
[WhiteTeam "Camberley Juniors"]
[BlackTeam "K Kings 2"]

1. d4 d5 2. Nf3 Nf6 3. e3 e6 4. Bd3 c5 5. c3 Nc6 6. Nbd2 c4 7. Bc2 Bd6 8. b3 b5
9. a4 cxb3 10. Bxb3 bxa4 11. Bxa4 Bd7 12. O-O Qc7 13. c4 O-O 14. c5 Be7 15. Re1
Rfe8 16. Bb2 Nb4 17. Bxd7 Nxd7 18. Qb1 Nc6 19. Bc3 e5 20. h3 Bf6 21. Nb3 e4 22.
Nh2 Rab8 23. Qa2 Rb7 24. Na5 Nxa5 25. Bxa5 Qc6 26. Reb1 Reb8 27. Rxb7 Rxb7 28.
Bc3 Nxc5 29. Rb1 Rxb1+ 30. Qxb1 Qb7 31. Qa2 1/2-1/2

[Event "4NCL Division 4 South"]
[Site "Reading, ENG"]
[Date "2017.11.12"]
[Round "2.106"]
[White "Maladkar, Vivek"]
[Black "Saxena, Kshitij"]
[Result "0-1"]
[WhiteElo "1300"]
[BlackElo "1292"]
[Annotator "Alan"]
[PlyCount "27"]
[EventDate "2017.11.12"]
[WhiteTeam "K Kings 2"]
[BlackTeam "Camberley Juniors"]

1. e4 d5 2. Nc3 dxe4 3. Nxe4 Bf5 4. d3 Bxe4 5. d4 Nc6 6. Bc4 Bxg2 7. f3 Bxh1 8.
Bf4 e6 9. c3 Bd6 10. Qe2 Bxf4 11. Rd1 Qe7 12. Nh3 Bd6 13. a3 O-O-O 14. Kf2 {
scoresheet errors} 0-1

[Event "4NCL Division 4 South"]
[Site "Reading, ENG"]
[Date "2017.11.12"]
[Round "2.111"]
[White "Towers, Nigel S"]
[Black "Tivillier, Jacques"]
[Result "1/2-1/2"]
[WhiteElo "1797"]
[BlackElo "1760"]
[PlyCount "30"]
[EventDate "2017.11.12"]
[WhiteTeam "CSC 3"]
[BlackTeam "Iceni 3"]

1. e4 c5 2. Nf3 d6 3. d4 cxd4 4. Nxd4 Nf6 5. Nc3 a6 6. g3 e5 7. Nde2 Be7 8. Bg2
O-O 9. O-O b5 10. a3 Nbd7 11. h3 Bb7 12. g4 Nc5 13. Ng3 Re8 14. Be3 g6 15. Qd2
Ne6 1/2-1/2

[Event "4NCL Division 4 South"]
[Site "Reading, ENG"]
[Date "2017.11.12"]
[Round "2.112"]
[White "Collicott, Peter J"]
[Black "Homolka, Vincent"]
[Result "0-1"]
[WhiteElo "1677"]
[BlackElo "1779"]
[PlyCount "104"]
[EventDate "2017.11.12"]
[WhiteTeam "Iceni 3"]
[BlackTeam "CSC 3"]

1. c4 e6 2. g3 d5 3. cxd5 exd5 4. d4 Nf6 5. Nc3 Be7 6. Nf3 O-O 7. Bg2 h6 8. O-O
c5 9. dxc5 Bxc5 10. e3 Nc6 11. Na4 Be7 12. Nd4 Bg4 13. Qb3 Qd7 14. Nc3 Rfd8 15.
a3 Bh3 16. Qc2 Bxg2 17. Kxg2 Rac8 18. Qf5 Nxd4 19. Qxd7 Rxd7 20. exd4 Ne4 21.
Nxe4 dxe4 22. Be3 Bf6 23. Rac1 Rcd8 24. Rfd1 Kf8 25. h3 Ke8 26. Rc4 Rd5 27. Rc7
R8d7 28. Rc8+ Ke7 29. Rc4 b5 30. Rc6 Bxd4 31. Rxd4 Rxd4 32. Bxd4 Rxd4 33. Rc7+
Rd7 34. Rc5 a6 35. Re5+ Kf6 36. Rxe4 Rd2 37. b4 Rd3 38. Rf4+ Ke6 39. Re4+ Kd6
40. Rf4 f6 41. Rf3 Rxf3 42. Kxf3 Kd5 43. Ke3 Kc4 44. g4 Kb3 45. Kd3 Kxa3 46.
Kc3 Ka4 47. h4 a5 48. bxa5 Kxa5 49. f4 Ka4 50. Kb2 Kb4 51. f5 Kc4 52. Kc2 Kd4
0-1

[Event "4NCL Division 4 South"]
[Site "Reading, ENG"]
[Date "2017.11.12"]
[Round "2.113"]
[White "Makkar, Rajat"]
[Black "Carter, Dominic A"]
[Result "1-0"]
[WhiteElo "1677"]
[BlackElo "1673"]
[PlyCount "73"]
[EventDate "2017.11.12"]
[WhiteTeam "CSC 3"]
[BlackTeam "Iceni 3"]

1. d4 Nf6 2. c4 c5 3. d5 b5 4. Qc2 d6 5. e4 b4 6. Bf4 g6 7. Nf3 Bg7 8. Bd3 O-O
9. O-O Nbd7 10. a3 a5 11. axb4 cxb4 12. h3 Qc7 13. Be3 Nc5 14. Nd4 Bd7 15. Nb3
Ba4 16. N1d2 Nfd7 17. Be2 e6 18. Rfc1 Rfd8 19. Bf3 Bxb3 20. Nxb3 Nxb3 21. Qxb3
Nc5 22. Qc2 a4 23. Rd1 Nb3 24. Ra2 exd5 25. Rxd5 Rdc8 26. Qd3 Nc5 27. Bxc5 dxc5
28. e5 Rd8 29. Rxa4 Rxa4 30. Rxd8+ Bf8 31. Rd7 Qb8 32. Qd5 Qe8 33. Qb7 Bh6 34.
Rxf7 Ra1+ 35. Kh2 Bf4+ 36. Rxf4 Qxe5 37. Qf7+ 1-0

[Event "4NCL Division 4 South"]
[Site "Reading, ENG"]
[Date "2017.11.12"]
[Round "2.114"]
[White "Ryan, John"]
[Black "Cresswell, Mike J"]
[Result "1/2-1/2"]
[WhiteElo "1547"]
[BlackElo "1700"]
[PlyCount "40"]
[EventDate "2017.11.12"]
[WhiteTeam "Iceni 3"]
[BlackTeam "CSC 3"]

1. d4 Nf6 2. Nf3 g6 3. Bf4 d6 4. Nbd2 Bg7 5. c3 O-O 6. e4 c6 7. e5 dxe5 8. Nxe5
Nbd7 9. Qb3 Qb6 10. Nxd7 Bxd7 11. Qxb6 axb6 12. Bc4 b5 13. Bb3 Nh5 14. Be3 e5
15. d5 Nf4 16. Bxf4 exf4 17. O-O cxd5 18. Bxd5 Bc6 19. Bxc6 bxc6 20. a3 Rae8
1/2-1/2

[Event "4NCL Division 4 South"]
[Site "Reading, ENG"]
[Date "2017.11.12"]
[Round "2.115"]
[White "Saidmurodov, Shahjahon"]
[Black "Rowles, Sarah"]
[Result "1-0"]
[WhiteElo "1609"]
[BlackElo "1530"]
[PlyCount "47"]
[EventDate "2017.11.12"]
[WhiteTeam "CSC 3"]
[BlackTeam "Iceni 3"]

1. e4 c5 2. Nf3 Nc6 3. Nc3 e5 4. Bc4 d6 5. d3 Be7 6. Nd5 Nf6 7. Nxe7 Qxe7 8.
Bg5 h6 9. Be3 O-O 10. Qd2 Ng4 11. h3 Nxe3 12. Qxe3 Nd4 13. Nxd4 cxd4 14. Qd2
Be6 15. Bxe6 Qxe6 16. g4 Qf6 17. O-O-O Qe6 18. Kb1 g5 19. Rdg1 Qf6 20. h4 Qf4
21. Qe2 Kg7 22. Rg3 Rh8 23. Rf3 Qxg4 24. Rxf7+ 1-0

[Event "4NCL Division 4 South"]
[Site "Reading, ENG"]
[Date "2017.11.12"]
[Round "2.116"]
[White "Mellor, Jessica"]
[Black "John, Joshua"]
[Result "0-1"]
[WhiteElo "1255"]
[BlackElo "1529"]
[Annotator "Alan"]
[PlyCount "26"]
[EventDate "2017.11.12"]
[WhiteTeam "Iceni 3"]
[BlackTeam "CSC 3"]

1. e4 c5 2. c3 d6 3. f4 Nc6 4. Nf3 Nf6 5. d4 cxd4 6. Nxd4 Bg4 7. Nxc6 bxc6 8.
Be2 Bxe2 9. Qxe2 g6 10. O-O Bg7 11. Qc4 Qb6+ 12. Kh1 Ng4 13. Bd2 O-O {
scoresheets differ} 0-1

[Event "4NCL Division 4 South"]
[Site "Reading, ENG"]
[Date "2017.11.12"]
[Round "2.121"]
[White "Smith, Steve"]
[Black "Karia, Kamlesh"]
[Result "1-0"]
[WhiteElo "1821"]
[BlackElo "1637"]
[PlyCount "140"]
[EventDate "2017.11.12"]
[WhiteTeam "West is Best 4"]
[BlackTeam "Barnet Knights 3"]

1. e4 e5 2. Nf3 Nc6 3. Bb5 g6 4. O-O Bg7 5. c3 a6 6. Ba4 b5 7. Bc2 d6 8. h3 Nf6
9. Re1 O-O 10. d4 Bb7 11. d5 Ne7 12. Nbd2 Nd7 13. Nf1 f5 14. Ng5 Qe8 15. Ne6
Qf7 16. Nxf8 Rxf8 17. Qf3 f4 18. a4 bxa4 19. Bxa4 Nf6 20. Bc2 g5 21. Nh2 h5 22.
Bd1 Bc8 23. Qd3 Ng6 24. c4 g4 25. hxg4 hxg4 26. g3 f3 27. Bb3 Nh5 28. c5 Nxg3
29. Be3 Nf4 30. Bxf4 Qxf4 31. Qe3 Qf6 32. fxg3 f2+ 33. Kg2 fxe1=Q 34. Rxe1 Qh6
35. Qxh6 Bxh6 36. cxd6 cxd6 37. Bd1 Bd2 38. Re2 Bb4 39. Rc2 Bc5 40. Bxg4 a5 41.
Bxc8 Rxc8 42. Nf3 Kg7 43. Ng5 Kf6 44. Ne6 Ke7 45. Kf3 Kd7 46. g4 a4 47. g5 Rb8
48. g6 Ke7 49. Rg2 Rg8 50. g7 Kf7 51. Rh2 Bd4 52. Rg2 Rb8 53. Nxd4 exd4 54.
g8=Q+ Rxg8 55. Rxg8 Kxg8 56. Ke2 Kf7 57. Kd3 Ke7 58. Kc4 Kf7 59. Kxd4 Kf6 60.
e5+ dxe5+ 61. Ke4 Kf7 62. Kxe5 Ke7 63. Ke4 Kd6 64. Kd4 Kd7 65. Kc5 Kc7 66. Kb5
Kd6 67. Kxa4 Kxd5 68. Kb5 Kd6 69. Kb6 Kd7 70. b4 Kc8 1-0

[Event "4NCL Division 4 South"]
[Site "Reading, ENG"]
[Date "2017.11.12"]
[Round "2.122"]
[White "McLean, Rory"]
[Black "Di-Vetta, Andrew"]
[Result "0-1"]
[WhiteElo "1540"]
[BlackElo "1806"]
[PlyCount "69"]
[EventDate "2017.11.12"]
[WhiteTeam "Barnet Knights 3"]
[BlackTeam "West is Best 4"]

1. d4 Nf6 2. Nf3 e6 3. e3 b6 4. Bd3 Bb7 5. Nbd2 d5 6. O-O Nbd7 7. c3 Be7 8. Re1
c5 9. e4 c4 10. Bb1 O-O 11. e5 Ne8 12. Nf1 g6 13. Ng3 Ng7 14. Bh6 Re8 15. Qc2
Nf8 16. Rf1 Bh4 17. Nxh4 Qxh4 18. Bxg7 Kxg7 19. h3 b5 20. Qd2 Bc6 21. Bc2 Bd7
22. Qe2 h5 23. Qf3 Nh7 24. Rfe1 Qg5 25. Re3 Qe7 26. Ne2 Rf8 27. Qg3 Rg8 28. Rf3
Kh8 29. Nf4 Rg7 30. Re1 a5 31. Rb1 b4 32. Bd1 Qg5 33. Qxg5 Nxg5 34. Rg3 Ne4 35.
Re3 0-1

[Event "4NCL Division 4 South"]
[Site "Reading, ENG"]
[Date "2017.11.12"]
[Round "2.123"]
[White "Hurley, Jake"]
[Black "Vaidya, Raghav"]
[Result "1-0"]
[WhiteElo "1698"]
[BlackElo "1495"]
[PlyCount "86"]
[EventDate "2017.11.12"]
[WhiteTeam "West is Best 4"]
[BlackTeam "Barnet Knights 3"]

1. e4 c5 2. d4 cxd4 3. c3 e5 4. cxd4 exd4 5. Nf3 Bb4+ 6. Bd2 Qb6 7. Bxb4 Qxb4+
8. Qd2 Qxd2+ 9. Nbxd2 Nc6 10. Nb3 Kd8 11. Nbxd4 Nxd4 12. Nxd4 Nf6 13. f3 Re8
14. Nf5 d5 15. Bb5 Bd7 16. Bxd7 Kxd7 17. Rd1 Kc6 18. Kf2 Rad8 19. exd5+ Rxd5
20. Rxd5 Nxd5 21. Rc1+ Kd7 22. Nxg7 Re5 23. g4 Nf4 24. Rc2 Nd3+ 25. Kg3 Rc5 26.
Rd2 Rd5 27. Nh5 Ke6 28. Rxd3 Rxd3 29. Nf4+ Ke5 30. Nxd3+ Kd4 31. Nf4 a5 32. Kf2
b5 33. Ke2 a4 34. Kd2 b4 35. b3 axb3 36. axb3 Ke5 37. Nh5 Kd4 38. Nf6 Ke5 39.
Nxh7 Kf4 40. Ke2 Ke5 41. Ke3 f6 42. h4 f5 43. f4+ Kd6 1-0

[Event "4NCL Division 4 South"]
[Site "Reading, ENG"]
[Date "2017.11.12"]
[Round "2.124"]
[White "Sezer, Steve"]
[Black "Melsom, Jonathan T"]
[Result "0-1"]
[WhiteElo "1487"]
[BlackElo "1721"]
[PlyCount "90"]
[EventDate "2017.11.12"]
[WhiteTeam "Barnet Knights 3"]
[BlackTeam "West is Best 4"]

1. Nf3 d6 2. e3 Nf6 3. d4 c5 4. Bb5+ Bd7 5. Bxd7+ Nbxd7 6. O-O e6 7. b3 Qc7 8.
Bb2 Be7 9. c4 O-O 10. Nbd2 d5 11. Rc1 b6 12. Qe2 Bd6 13. h3 Rfe8 14. b4 Rac8
15. Ne5 Nxe5 16. dxe5 Bxe5 17. Bxe5 Qxe5 18. bxc5 bxc5 19. Rc2 Red8 20. Rfc1 d4
21. Qd3 dxe3 22. Qxe3 Qf5 23. g4 Qd3 24. Qe5 Qxh3 25. f3 Rd4 26. Rf1 Nd7 27.
Qe1 Qh6 28. Ne4 Qf4 29. Rff2 Nf6 30. Rc3 Nxe4 31. fxe4 Qxg4+ 32. Rg2 Rd1 33.
Rxg4 Rxe1+ 34. Kf2 Rd1 35. Ra3 Rd7 36. Rg5 f6 37. Rgg3 Rcd8 38. Ke3 Kf7 39. Rf3
Rb8 40. e5 f5 41. Rh3 h6 42. Rh2 Rb1 43. Rd2 f4+ 44. Ke2 Rxd2+ 45. Kxd2 Rb2+
0-1

[Event "4NCL Division 4 South"]
[Site "Reading, ENG"]
[Date "2017.11.12"]
[Round "2.125"]
[White "Ray, Hiya"]
[Black "Angelopoulos, Andreas"]
[Result "1-0"]
[WhiteElo "1625"]
[BlackElo "1465"]
[PlyCount "55"]
[EventDate "2017.11.12"]
[WhiteTeam "West is Best 4"]
[BlackTeam "Barnet Knights 3"]

1. d4 Nf6 2. c4 c5 3. d5 g6 4. Nc3 Bg7 5. e4 d6 6. Be3 O-O 7. Be2 a6 8. Qd2 Ng4
9. Bxg4 Bxg4 10. f3 Bc8 11. Bh6 Nd7 12. h4 Nf6 13. g4 Bd7 14. h5 Re8 15. hxg6
fxg6 16. Bxg7 Kxg7 17. Qh6+ Kg8 18. Nh3 e5 19. dxe6 Bxe6 20. Ng5 Qe7 21. Nxe6
Qxe6 22. Nd5 Re7 23. Nxe7+ Qxe7 24. O-O-O Qf7 25. Rxd6 Rb8 26. Rxf6 Qxf6 27.
Qxh7+ Kf8 28. Qh8+ 1-0

[Event "4NCL Division 4 South"]
[Site "Reading, ENG"]
[Date "2017.11.12"]
[Round "2.126"]
[White "Solovieva, Kristina"]
[Black "Fowler, Caspian"]
[Result "1-0"]
[WhiteElo "1375"]
[BlackElo "1458"]
[PlyCount "71"]
[EventDate "2017.11.12"]
[WhiteTeam "Barnet Knights 3"]
[BlackTeam "West is Best 4"]

1. e4 e5 2. Nf3 Nc6 3. Nc3 Nf6 4. d4 exd4 5. Nxd4 Bc5 6. Nxc6 bxc6 7. Bd3 h6 8.
O-O d6 9. h3 Be6 10. Qf3 Qd7 11. Be3 Bb6 12. Bxb6 axb6 13. a3 Nh7 14. e5 dxe5
15. Bxh7 Rxh7 16. Rfd1 Bd5 17. Nxd5 cxd5 18. Qxd5 Qxd5 19. Rxd5 Rd8 20. Rxe5+
Kf8 21. g4 Rd2 22. Rae1 g5 23. R5e2 Rd6 24. Re8+ Kg7 25. Rc8 Rc6 26. c3 Kf6 27.
Ree8 h5 28. Rh8 Rxh8 29. Rxh8 Rd6 30. Rh6+ Kg7 31. Rxd6 cxd6 32. Kg2 h4 33. Kf3
Kf6 34. Ke4 d5+ 35. Kd4 Ke7 36. Kxd5 1-0

[Event "4NCL Division 4 South"]
[Site "Reading, ENG"]
[Date "2017.11.12"]
[Round "2.131"]
[White "Smith, Olivia"]
[Black "Angelopoulos, Nicos"]
[Result "1-0"]
[WhiteElo "2095"]
[BlackElo "1450"]
[PlyCount "29"]
[EventDate "2017.11.12"]
[WhiteTeam "Fischer's Catch"]
[BlackTeam "Barnet Knights 4"]

1. e4 c6 2. d4 d5 3. exd5 cxd5 4. Nf3 Bf5 5. Bb5+ Nc6 6. O-O e6 7. Ne5 Qc7 8.
Nc3 Nf6 9. Re1 Bd6 10. Bg5 Nd7 11. Nxd5 Qc8 12. Nxd7 Qxd7 13. Ne3 O-O 14. Nxf5
exf5 15. d5 1-0

[Event "4NCL Division 4 South"]
[Site "Reading, ENG"]
[Date "2017.11.12"]
[Round "2.132"]
[White "Carter, Gavin"]
[Black "Rathbone-Jones, Ifan"]
[Result "0-1"]
[WhiteElo "1277"]
[BlackElo "1787"]
[PlyCount "60"]
[EventDate "2017.11.12"]
[WhiteTeam "Barnet Knights 4"]
[BlackTeam "Fischer's Catch"]

1. e4 e6 2. d4 d5 3. Nc3 Bb4 4. a3 Bxc3+ 5. bxc3 dxe4 6. Qg4 Nf6 7. Qxg7 Rg8 8.
Qh6 Rg6 9. Qd2 Ng4 10. h3 e3 11. fxe3 Qh4+ 12. Ke2 Qf2+ 13. Kd3 Qxf1+ 14. Qe2
Nf2+ 15. Kc4 b5+ 16. Kb3 Qxe2 17. Nxe2 Nxh1 18. Nf4 Rg8 19. Bd2 Ng3 20. Re1 Ne4
21. Bc1 c5 22. c4 bxc4+ 23. Kxc4 Ba6+ 24. Kb3 c4+ 25. Ka2 c3 26. a4 Bc4+ 27.
Ka1 Nc6 28. Ba3 Rb8 29. g4 Nb4 30. Bxb4 Rxb4 0-1

[Event "4NCL Division 4 South"]
[Site "Reading, ENG"]
[Date "2017.11.12"]
[Round "2.133"]
[White "Sivarajasingam, Shayanna"]
[Black "Wolstenholme, Otis"]
[Result "1-0"]
[WhiteElo "1688"]
[BlackElo "1277"]
[PlyCount "93"]
[EventDate "2017.11.12"]
[WhiteTeam "Fischer's Catch"]
[BlackTeam "Barnet Knights 4"]

1. e4 e6 2. d4 d5 3. e5 c5 4. c3 Nc6 5. Nf3 Qb6 6. a3 Bd7 7. b4 cxd4 8. cxd4
Rc8 9. Be3 Nge7 10. Bd3 Ng6 11. O-O Be7 12. Nbd2 O-O 13. Nb3 Nb8 14. Qd2 a5 15.
Nxa5 Nc6 16. Nxc6 Bxc6 17. Ne1 Bb5 18. Bxb5 Qxb5 19. Nd3 b6 20. f4 f5 21. Rfc1
Rc4 22. Nb2 Rcc8 23. Qd3 Qxd3 24. Nxd3 Rc4 25. Nb2 Rcc8 26. Rxc8 Rxc8 27. Rc1
Rxc1+ 28. Bxc1 Nf8 29. Kf2 Nd7 30. Ke2 Kf7 31. Bd2 Ke8 32. a4 Kd8 33. b5 Kc8
34. a5 bxa5 35. Bxa5 Bd8 36. Bxd8 Kxd8 37. Kd3 Nb6 38. Kc3 Kc7 39. Kb4 h6 40.
Na4 Nd7 41. Nc5 Nf8 42. Ka5 g5 43. b6+ Kb8 44. g3 gxf4 45. gxf4 h5 46. Ka6 Kc8
47. b7+ 1-0

[Event "4NCL Division 4 South"]
[Site "Reading, ENG"]
[Date "2017.11.12"]
[Round "2.134"]
[White "Savas, Stoica M"]
[Black "Sivarajasingam, Venetia"]
[Result "0-1"]
[WhiteElo "1300"]
[BlackElo "1713"]
[PlyCount "74"]
[EventDate "2017.11.12"]
[WhiteTeam "Barnet Knights 4"]
[BlackTeam "Fischer's Catch"]

1. e4 e6 2. d4 d5 3. e5 c5 4. c3 Nc6 5. Nf3 Qb6 6. Be2 cxd4 7. cxd4 Nh6 8. O-O
Nf5 9. Nc3 Nfxd4 10. Nxd4 Nxd4 11. Be3 Nxe2+ 12. Qxe2 Qd8 13. Rac1 Bd7 14. Nb5
Bxb5 15. Qxb5+ Qd7 16. Qxd7+ Kxd7 17. f4 Be7 18. f5 exf5 19. Rxf5 Ke6 20. g4
Rhc8 21. Rcf1 Rf8 22. Rc1 Rac8 23. Rff1 b6 24. a3 Rfd8 25. Rfd1 Rxc1 26. Rxc1
d4 27. Bf4 Rd7 28. b4 Kd5 29. Kg2 Ke4 30. Bg3 Bg5 31. Rd1 d3 32. h4 Be3 33. b5
d2 34. Bf2 Rc7 35. Kf1 Rc1 36. Ke2 Rxd1 37. Bxe3 Re1+ 0-1

[Event "4NCL Division 4 South"]
[Site "Reading, ENG"]
[Date "2017.11.12"]
[Round "2.135"]
[White "Fraser, Susanna"]
[Black "Wolstenholme, Scarlet"]
[Result "1-0"]
[WhiteElo "1464"]
[BlackElo "1277"]
[PlyCount "99"]
[EventDate "2017.11.12"]
[WhiteTeam "Fischer's Catch"]
[BlackTeam "Barnet Knights 4"]

1. d4 d5 2. c4 dxc4 3. e4 Nf6 4. Nc3 h6 5. Bxc4 e6 6. Nf3 Be7 7. O-O O-O 8. h3
Bd7 9. Bf4 a6 10. Qb3 Nc6 11. Bd3 Nh5 12. Bh2 e5 13. Bxe5 Nxe5 14. Nxe5 Nf4 15.
Nd5 Be6 16. Nxe7+ Qxe7 17. Qd1 Nxh3+ 18. gxh3 Bxh3 19. Qf3 Qg5+ 20. Kh2 Bxf1
21. Rxf1 Qh4+ 22. Kg2 Qg5+ 23. Kh3 c5 24. Bc4 Qe7 25. Bxf7+ Rxf7 26. Qxf7+ Qxf7
27. Nxf7 Kxf7 28. dxc5 Re8 29. f3 Re5 30. b4 Rh5+ 31. Kg4 Rh2 32. Rd1 Rg2+ 33.
Kh3 Rxa2 34. Rd7+ Kg6 35. Rxb7 Kg5 36. Rxg7+ Kf4 37. Rf7+ Kg5 38. c6 Rc2 39.
Rc7 Kh5 40. Rc8 a5 41. bxa5 Rc1 42. a6 Rg1 43. a7 Rg8 44. a8=Q Rg5 45. Rh8 Rg8
46. Rxh6+ Kxh6 47. Qxg8 Kh5 48. Kg3 Kh6 49. Kf4 Kh5 50. Qg5# 1-0

[Event "4NCL Division 4 South"]
[Site "Reading, ENG"]
[Date "2017.11.12"]
[Round "2.136"]
[White "Vaidya, Pranav"]
[Black "Jaberansari, Daniel"]
[Result "0-1"]
[WhiteElo "827"]
[BlackElo "1442"]
[PlyCount "50"]
[EventDate "2017.11.12"]
[WhiteTeam "Barnet Knights 4"]
[BlackTeam "Fischer's Catch"]

1. e4 e6 2. d4 d5 3. Nc3 Nf6 4. exd5 exd5 5. Bd3 Bd6 6. h3 h6 7. Qf3 O-O 8.
Nge2 Nc6 9. O-O Nb4 10. Rd1 Nxd3 11. Rxd3 Re8 12. Be3 c6 13. Ng3 Bd7 14. Bd2
Qc7 15. Nce2 Re7 16. Kf1 Rae8 17. Re1 Ne4 18. c3 Bc8 19. Nh5 Qd7 20. g4 g6 21.
Qg2 Qe6 22. Nef4 Nxd2+ 23. Kg1 Qxe1+ 24. Kh2 Qe4 25. Qg3 Nf1+ 0-1

[Event "4NCL Division 4 South"]
[Site "Reading, ENG"]
[Date "2017.11.12"]
[Round "2.203"]
[White "Calvert, D Ian"]
[Black "Cole, James"]
[Result "1-0"]
[WhiteElo "1886"]
[BlackElo "2057"]
[PlyCount "107"]
[EventDate "2017.11.12"]
[WhiteTeam "Iceni 2"]
[BlackTeam "Oxford 3"]

1. b3 e5 2. Bb2 Nc6 3. e3 d5 4. Bb5 Bd6 5. f4 Qh4+ 6. g3 Qe7 7. Nf3 f6 8. Nc3
Be6 9. O-O a6 10. Bxc6+ bxc6 11. fxe5 fxe5 12. Nxe5 Nf6 13. Nxc6 Qd7 14. Nd4
Bg4 15. Nde2 O-O 16. Qe1 g5 17. Rxf6 Rxf6 18. Nxd5 Rf7 19. Nf6+ Rxf6 20. Bxf6
Qf5 21. Qf1 Qxf1+ 22. Rxf1 Bxe2 23. Re1 Bh5 24. Bxg5 Bg6 25. d3 a5 26. Bf4 a4
27. Bxd6 cxd6 28. e4 axb3 29. axb3 Ra2 30. Rc1 Bf7 31. Kf1 Kg7 32. Ke1 Kf6 33.
Kd1 d5 34. exd5 Bxd5 35. Rb1 Ke5 36. Kd2 Kd4 37. g4 Ra6 38. g5 Bf7 39. h4 Ra2
40. b4 Bg6 41. Rb3 Ra7 42. c3+ Kd5 43. b5 Kc5 44. d4+ Kb6 45. c4 Bf7 46. c5+
Kb7 47. Re3 Kc8 48. b6 Rd7 49. Kc3 Kb7 50. Rf3 Re7 51. Rf6 Be8 52. d5 Bg6 53.
Re6 Rf7 54. Kb4 1-0

[Event "4NCL Division 4 South"]
[Site "Reading, ENG"]
[Date "2017.11.12"]
[Round "2.206"]
[White "Matta, Francesca"]
[Black "Gibbs, Dominic V"]
[Result "1/2-1/2"]
[WhiteElo "1990"]
[BlackElo "1842"]
[PlyCount "154"]
[EventDate "2017.11.12"]
[WhiteTeam "Oxford 3"]
[BlackTeam "Iceni 2"]

1. d4 f5 2. Bf4 Nf6 3. e3 g6 4. Nf3 d6 5. Bc4 e6 6. c3 Qe7 7. Qb3 Nc6 8. O-O
Bg7 9. Nbd2 O-O 10. h3 Na5 11. Qb4 Nxc4 12. Qxc4 b6 13. Rfe1 Bb7 14. Bh2 h6 15.
Qe2 g5 16. c4 Rf7 17. Rac1 g4 18. hxg4 Nxg4 19. Bg3 e5 20. d5 e4 21. Nh4 Bxb2
22. Rc2 Be5 23. Nxf5 Qg5 24. Nd4 Bxg3 25. Nxe4 Qh4 26. Nxg3 Qh2+ 27. Kf1 Rxf2+
28. Qxf2 Nxf2 29. Kxf2 Rf8+ 30. Nf3 Qh4 31. Rh1 Qg5 32. e4 Bc8 33. Nf5 Rxf5 34.
exf5 Qxf5 35. Re2 Qg6 36. Rhe1 Kf8 37. Re4 Bd7 38. g3 h5 39. Nh4 Qg7 40. Rf4+
Kg8 41. Rfe4 Ba4 42. Nf5 Qf6 43. Rf4 Kh8 44. Nd4 Qg7 45. Re6 Bd7 46. Ref6 Kg8
47. Ne6 Bxe6 48. dxe6 a5 49. Kf3 c6 50. Ke4 d5+ 51. cxd5 cxd5+ 52. Kxd5 Qg5+
53. R4f5 Qd2+ 54. Kc6 Qc3+ 55. Kd7 Qd4+ 56. Ke7 Qb4+ 57. Kd7 Qd4+ 58. Kc6 Qc3+
59. Kxb6 Qb2+ 60. Ka6 Qe2+ 61. Kxa5 Qxa2+ 62. Kb5 Qb2+ 63. Kc5 Qc2+ 64. Kd5
Qd2+ 65. Ke4 Qe1+ 66. Kf3 Qf1+ 67. Ke3 Qe1+ 68. Kd4 Qd2+ 69. Kc5 Qc3+ 70. Kd5
Qd3+ 71. Kc6 Qc3+ 72. Kb6 Qb2+ 73. Kc5 Qc3+ 74. Kd5 Qd3+ 75. Kc5 Qc3+ 76. Kd5
Qd3+ 77. Kc5 Qc3+ 1/2-1/2

[Event "4NCL Division 4 South"]
[Site "Reading, ENG"]
[Date "2017.11.12"]
[Round "2.209"]
[White "Jermy, Jaden"]
[Black "Bush, Ian"]
[Result "0-1"]
[WhiteElo "1795"]
[BlackElo "1885"]
[PlyCount "100"]
[EventDate "2017.11.12"]
[WhiteTeam "Iceni 2"]
[BlackTeam "Oxford 3"]

1. c4 Nf6 2. g3 g6 3. Bg2 Bg7 4. Nc3 O-O 5. d3 c5 6. e4 Nc6 7. Nge2 d6 8. h3 a6
9. O-O Rb8 10. Be3 b5 11. Qd2 Na5 12. cxb5 axb5 13. f4 b4 14. Nd5 Nxd5 15. exd5
Ba6 16. Rac1 c4 17. dxc4 Nxc4 18. Qd3 Nxe3 19. Qxe3 Bxb2 20. Rc6 Bb5 21. Rc2
Bf6 22. Kh2 Qb6 23. Qf3 Rfc8 24. Rfc1 Rc5 25. Qg4 h5 26. Qf3 Rbc8 27. Qe4 Rxc2
28. Rxc2 Rxc2 29. Qxc2 Qf2 30. a3 bxa3 31. Qb3 Bxe2 32. Qxa3 Bd4 33. Qc1 Bf3
34. Qh1 Bxd5 35. h4 Bxg2 36. Qxg2 Qxg2+ 37. Kxg2 Kg7 38. Kf3 Kf6 39. g4 hxg4+
40. Kxg4 Bf2 41. f5 Bxh4 42. fxg6 fxg6 43. Kxh4 Kf5 44. Kg3 e5 45. Kf2 e4 46.
Ke2 d5 47. Kd2 g5 48. Ke2 g4 49. Kd2 d4 50. Ke2 Kf4 0-1

[Event "4NCL Division 4 South"]
[Site "Reading, ENG"]
[Date "2017.11.12"]
[Round "2.201"]
[White "Hadi, Justin"]
[Black "Tomboline, David"]
[Result "1/2-1/2"]
[WhiteElo "1985"]
[BlackElo "1951"]
[PlyCount "33"]
[EventDate "2017.11.12"]
[WhiteTeam "Oxford 3"]
[BlackTeam "Brown Jack 3"]

1. d4 d5 2. Bf4 Nf6 3. e3 c6 4. Nd2 Qb6 5. Rb1 Bf5 6. Ngf3 h6 7. Bd3 Bxd3 8.
cxd3 Qa6 9. Qb3 Nbd7 10. h3 e6 11. O-O Be7 12. Bh2 O-O 13. Ne5 c5 14. Ndf3 Qb6
15. Nxd7 Nxd7 16. Qxb6 Nxb6 17. dxc5 1/2-1/2

[Event "4NCL Division 4 South"]
[Site "Reading, ENG"]
[Date "2017.11.12"]
[Round "2.207"]
[White "Hameed, Asif"]
[Black "White, Oliver"]
[Result "1-0"]
[WhiteElo "1817"]
[BlackElo "1480"]
[PlyCount "59"]
[EventDate "2017.11.12"]
[WhiteTeam "Oxford 3"]
[BlackTeam "Brown Jack 3"]

1. e4 e6 2. Nf3 d5 3. e5 c5 4. b4 Qb6 5. bxc5 Bxc5 6. d4 Be7 7. Bd3 Bd7 8. a4
Nc6 9. c3 Rc8 10. Ba3 f6 11. O-O a6 12. c4 fxe5 13. cxd5 exd5 14. Nc3 Bxa3 15.
Rxa3 Nge7 16. dxe5 O-O 17. Nxd5 Nxd5 18. Bc4 Bg4 19. Qxd5+ Kh8 20. Ng5 h6 21.
Nf7+ Kh7 22. Qe4+ g6 23. Qxg4 Rc7 24. e6 Qb4 25. Rg3 g5 26. Qf5+ Kg7 27. Rxg5+
hxg5 28. Qxg5+ Kh7 29. Bd3+ Qe4 30. Bxe4# 1-0